[Event "National Open"]
[Site "Las Vegas USA"]
[Date "2010.06.12"]
[Round "4"]
[White "Ehlvest,J"]
[Black "Amanov,M"]
[Result "1-0"]
[WhiteElo "2591"]
[BlackElo "2479"]

1.g3 d5 2.Nf3 Nf6 3.Bg2 c5 4.O-O Nc6 5.d4 e6 6.c4 dxc4 7.dxc5 Qxd1 8.Rxd1 Bxc5
9.Nbd2 Ng4 10.Ne4 Be7 11.Nd4 Nxd4 12.Rxd4 O-O 13.Nc3 Ne5 14.Bf4 Bf6 15.Re4 Ng6
16.Be3 Rd8 17.Rxc4 Ne5 18.Ra4 a6 19.Ne4 Be7 20.Bb6 Rd5 21.Nc3 Rd2 22.Rb1 Bd7
23.Rd4 Rxd4 24.Bxd4 Nc6 25.Bb6 Ne5 26.Rd1 Bc6 27.Bxc6 bxc6 28.Bc7 Nc4 29.b3 Rc8
30.Rd7 Bb4 31.Na4 Na3 32.Nb6 Re8 33.Be5 f6 34.Bb2 Nb5 35.Nc4 e5 36.e3 Rb8
37.Kg2 Kf8 38.g4 Be7 39.Na5 Rb6 40.f4 Ke8 41.Rd3 exf4 42.exf4 Bb4 43.Nc4 Rb8
44.g5 Be7 45.Na5 fxg5 46.fxg5 Bxg5 47.Bxg7 c5 48.Rg3 Bd8 49.Be5 Rb6 50.Kf3 Rg6
51.Rxg6 hxg6 52.Nb7 Be7 53.Ke4 Na3 54.Kd5 Nc2 55.Nxc5 Nb4+ 56.Kc4 Nxa2 57.Nxa6 Kd7
58.Nc5+ Kc6 59.Nd3 Bg5 60.Bb2 Be7 61.Ne5+  1-0

[Event "9th TCh-BIH Premier"]
[Site "Bihac BIH"]
[Date "2010.06.13"]
[Round "9"]
[White "Vukic,M"]
[Black "Stavnjak,L"]
[Result "1/2-1/2"]
[WhiteElo "2434"]
[BlackElo "2245"]

1.Nf3 d5 2.g3 Nf6 3.Bg2 e6 4.O-O Be7 5.c4 O-O 6.b3 c6 7.Bb2 Nbd7 8.Qc2 a6
9.d4 Re8 10.Nbd2 Bf8 11.e4 dxe4 12.Nxe4 Nxe4 13.Qxe4 Nf6 14.Qc2 Qa5 15.Rfe1 Bd7
16.Bc3 Bb4 17.Re5 Qb6 18.c5 Qa5 19.Bxb4 Qxb4 20.a3 Qa5 21.Nd2 Rad8 22.Nc4 Qc7
23.Rd1 Bc8 24.b4 Re7 25.Re2 Red7 26.Qc3 Re7 27.f4 h6 28.Bf3 Rf8 29.Qe3 Rd7
30.Nb6 Rdd8 31.Qe5 Qxe5 32.fxe5 Nd5 33.Nxd5 exd5 34.a4 Be6 35.Rb1 Bf5 36.Rb3 Rd7  1/2-1/2

[Event "FSGM June"]
[Site "Budapest HUN"]
[Date "2010.06.13"]
[Round "9"]
[White "Nadig,K"]
[Black "Husari,Sa"]
[Result "1/2-1/2"]
[WhiteElo "2236"]
[BlackElo "2334"]

1.Nf3 d5 2.g3 Nf6 3.d4 c5 4.dxc5 Na6 5.Bg2 e6 6.O-O Be7 7.c4 Nxc5 8.Nc3 O-O
9.cxd5 exd5 10.Be3 Nce4 11.Bd4 Be6 12.Rc1 Nxc3 13.Bxc3 Ne4 14.Bd4 Qa5 15.Qb3 Nc5
16.Qc3 Qxc3 17.Rxc3 b6 18.Ne5 Rfc8 19.Rfc1 f6 20.Nd3 Ne4 21.Rxc8+ Rxc8 22.Rxc8+ Bxc8
23.a4 g5  1/2-1/2

[Event "National Open"]
[Site "Las Vegas USA"]
[Date "2010.06.13"]
[Round "5"]
[White "Mikhailuk,S"]
[Black "Kruml,Joseph"]
[Result "1-0"]
[WhiteElo "2436"]
[BlackElo "2151"]

1.Nf3 d5 2.g3 Nf6 3.Bg2 e6 4.O-O Be7 5.d4 O-O 6.c4 c6 7.b3 b6 8.Ba3 a5 9.Bxe7 Qxe7
10.Nbd2 Bb7 11.Ne5 c5 12.cxd5 exd5 13.Ndf3 Na6 14.Rc1 Rac8 15.e3 Nb4 16.a3 Na6
17.Bh3 Rcd8 18.Nh4 g6 19.f4 Ne4 20.Bg2 Kg7 21.f5 Qg5 22.Rf4 f6 23.Nef3 Qh6
24.fxg6 hxg6 25.Nd2 Nd6 26.Nf1 g5 27.Nf5+ Nxf5 28.Rxf5 Qg6 29.g4 Rfe8 30.Qf3 Bc8
31.Rxd5 Bb7 32.e4 Bxd5 33.exd5 cxd4 34.Ng3 Rc8 35.Nf5+ Qxf5 36.Qxf5 Rxc1+
37.Kf2 Re3 38.Be4 Rce1 39.Qg6+ Kf8 40.Qxf6+ Kg8 41.Qxg5+ Kf8 42.Qh6+ Ke8
43.Bg6+ Kd8 44.Bd3 Nc7 45.Qxb6 Rd1 46.d6  1-0

[Event "14th FIDE Open"]
[Site "Voronezh RUS"]
[Date "2010.06.13"]
[Round "2"]
[White "Kornilov,P"]
[Black "Pogosian,G"]
[Result "1-0"]
[WhiteElo "2036"]
[BlackElo "2174"]

1.Nf3 d5 2.g3 c5 3.d4 Nc6 4.Bg2 e6 5.O-O Nf6 6.b3 Bd6 7.Bb2 O-O 8.e3 Qe7
9.Nbd2 cxd4 10.exd4 Ba3 11.Qc1 Bxb2 12.Qxb2 b6 13.c4 Bb7 14.Ne5 Na5 15.Rab1 dxc4
16.bxc4 Bxg2 17.Kxg2 Rac8 18.Qb5 Rfd8 19.Ndf3 Qb7 20.Qxa5 Qxf3+ 21.Nxf3 bxa5
22.Rfc1 Ne4 23.c5 Rb8 24.c6 Rxb1 25.Rxb1 Nd6 26.c7 Rc8 27.Rb8 f6 28.Nd2 Rf8
29.Nc4 Nc8 30.Nxa5 Ne7 31.Nc6  1-0

[Event "FSIMA June"]
[Site "Budapest HUN"]
[Date "2010.06.14"]
[Round "10"]
[White "Njili,K"]
[Black "Kett,T"]
[Result "1-0"]
[WhiteElo "2247"]
[BlackElo "2223"]

1.Nf3 d5 2.g3 Nf6 3.Bg2 g6 4.O-O Bg7 5.d3 O-O 6.Nbd2 c5 7.e4 Nc6 8.h3 b6
9.Re1 e6 10.c3 Qc7 11.Nf1 Ba6 12.e5 Nd7 13.Bf4 b5 14.a3 d4 15.cxd4 cxd4 16.Rc1 Qb6
17.N1h2 Ne7 18.Ng4 Nf5 19.Nf6+ Nxf6 20.exf6 Bxf6 21.Bc7 Qb7 22.Ne5 Qc8 23.Ba5 Qe8
24.Bc6 Qe7 25.Bb4 Qd8 26.Bxa8 Qxa8 27.Bxf8 Kxf8 28.Nd7+ Kg7 29.Nxf6 Kxf6
30.Qe2 Bb7 31.Qe5+ Kg5 32.Rc7 Kh6 33.Rxf7 Bh1 34.Qf4+ g5 35.Rxe6+  1-0

[Event "14th Master Open"]
[Site "Voronezh RUS"]
[Date "2010.06.14"]
[Round "3"]
[White "Romanov,E"]
[Black "Looshnikov,N"]
[Result "1/2-1/2"]
[WhiteElo "2594"]
[BlackElo "2500"]

1.Nf3 d5 2.g3 c6 3.Bg2 Bg4 4.c4 Bxf3 5.Bxf3 e6 6.cxd5 cxd5 7.O-O Nf6 8.Nc3 Nc6
9.a3 Be7 10.b4 O-O 11.Bg2 Rc8 12.Bb2 Nd7 13.Rc1 Bf6 14.d3 a5 15.b5 Nd4 16.a4 Qe7
17.e3 Qb4 18.Nxd5 exd5 19.Rxc8 Rxc8 20.Bxd4 Bxd4 21.Bh3 Bxe3 22.Bxd7 Rd8
23.Bh3 Bc5 24.Re1 g6 25.Bg2  1/2-1/2

[Event "14th Master Open"]
[Site "Voronezh RUS"]
[Date "2010.06.14"]
[Round "3"]
[White "Kokarev,Dm"]
[Black "Bezgodov,A"]
[Result "1/2-1/2"]
[WhiteElo "2612"]
[BlackElo "2494"]

1.Nf3 d5 2.g3 Nc6 3.c4 Bg4 4.Bg2 e6 5.cxd5 exd5 6.O-O Nf6 7.d3 Qd7 8.Bg5 Be7
9.Nc3 O-O 10.Rc1 h6 11.Bxf6 Bxf6 12.d4 Rfe8 13.e3 Nd8 14.Qa4 c6 15.Nd2 Re7
16.b4 Ne6 17.b5 Ng5 18.bxc6 bxc6 19.Qa6 Qe8 20.Kh1 h5 21.h4 Ne6 22.Nf3 Nd8
23.Ne2 g6 24.Nf4 Kg7 25.Nd3 Rb8 26.Rb1  1/2-1/2

[Event "14th FIDE Open"]
[Site "Voronezh RUS"]
[Date "2010.06.15"]
[Round "4"]
[White "Terentiev,D"]
[Black "Lezhepekova,V"]
[Result "0-1"]
[WhiteElo "2095"]
[BlackElo "2072"]

1.Nf3 d5 2.g3 c5 3.Bg2 Nc6 4.O-O Nf6 5.d3 e5 6.c4 Be7 7.cxd5 Nxd5 8.Nc3 Be6
9.h3 O-O 10.Bd2 Rb8 11.Qc1 h6 12.Ne1 Nxc3 13.bxc3 Qd7 14.Kh2 c4 15.Qc2 Rfd8
16.Rd1 cxd3 17.Nxd3 Qc7 18.Qb1 Na5 19.Nb2 Nc4 20.Bc1 Na3 21.Qe4 Rxd1 22.Nxd1 f5
23.Qa4 b5 24.Qa6 Rb6 25.Qxa3 Bxa3 26.Bxa3 Bxa2  0-1

[Event "14th Master Open"]
[Site "Voronezh RUS"]
[Date "2010.06.15"]
[Round "4"]
[White "Vastrukhin,O"]
[Black "Gunina,V"]
[Result "0-1"]
[WhiteElo "2331"]
[BlackElo "2457"]

1.Nf3 d5 2.g3 Nf6 3.Bg2 c6 4.O-O Bf5 5.d4 e6 6.c4 Nbd7 7.Qb3 Qc7 8.Bf4 dxc4
9.Qxc4 Bd6 10.Bxd6 Qxd6 11.Nc3 O-O 12.Nh4 Nb6 13.Qc5 Qxc5 14.dxc5 Nc4 15.Nxf5 exf5
16.b4 Rac8 17.Bh3 g6 18.Rfd1 Rfe8 19.Rab1 Ne4 20.Nxe4 Rxe4 21.e3 Ne5 22.Bf1 Kf8
23.Kg2 Ke7 24.a3 Rd8 25.Rxd8 Kxd8 26.Rb3 Nd7 27.h3 h5 28.Be2 Kc7 29.Bf3 Rc4
30.Bd1 Rc1 31.Rd3 Ne5 32.Rd4 Rc3 33.e4 fxe4 34.Rxe4 f6 35.f4 Nd7 36.f5 gxf5
37.Rf4 Rxa3 38.Bxh5 a5 39.bxa5 Rxa5 40.Bg6 Nxc5 41.Bxf5 Kd6 42.h4 Ne6 43.Rf2 Nd4
44.Bg6 f5 45.h5 Ke6 46.Rf4 Ke5 47.Kh3 Ra1 48.Rf2 c5 49.Kh4 Rg1 50.Be8 Kf6
51.Kh3 Re1 52.Bd7 Kg5 53.Rb2 Re2 54.Rb1 Nf3 55.g4 f4 56.Rh1 Re1 57.Rxe1 Nxe1
58.Bb5 Nc2 59.Kg2 Nd4 60.Bd3 b5 61.Kf2 c4 62.Be4 b4 63.Ke1 c3  0-1

[Event "14th Master Open"]
[Site "Voronezh RUS"]
[Date "2010.06.15"]
[Round "4"]
[White "Golovin,Leo"]
[Black "Grigorian,V"]
[Result "1-0"]
[WhiteElo "2448"]
[BlackElo "2297"]

1.Nf3 d5 2.g3 g6 3.Bg2 Bg7 4.O-O e5 5.d3 Ne7 6.Nbd2 O-O 7.e4 d4 8.Nc4 f6
9.a4 Be6 10.b3 g5 11.h4 h6 12.hxg5 hxg5 13.Nh2 Ng6 14.Bf3 Nc6 15.Bh5 Nce7
16.Ba3 Bf7 17.Qg4 Re8 18.Qh3 b6 19.Kh1 c5 20.Bc1 Qc7 21.Qg4 Bh6 22.Qf3 Kg7
23.Ng4 Ng8 24.Qg2 Qd7 25.Nh2 Be6 26.Rg1 g4 27.f4 gxf3 28.Qxf3 Bxc1 29.Raxc1 Nh6
30.Rcf1 Rf8 31.Rf2 Rad8 32.Bxg6 Bxc4 33.bxc4 Kxg6 34.g4 Rf7 35.Qh3 Rh8 36.Qh5+ Kg7
37.g5 fxg5 38.Qxg5+ Kf8 39.Qg7+ Ke7 40.Qxh8  1-0

[Event "14th FIDE Open"]
[Site "Voronezh RUS"]
[Date "2010.06.15"]
[Round "4"]
[White "Zakhartsova,I"]
[Black "Bezgodova,M"]
[Result "1/2-1/2"]
[WhiteElo "1953"]
[BlackElo "2193"]

1.Nf3 d5 2.g3 c5 3.Bg2 Nc6 4.d3 e5 5.O-O Nf6 6.Nbd2 Be7 7.e4 O-O 8.b3 Bg4
9.Qe1 Nb4 10.Qd1 Qc7 11.Bb2 Nc6 12.Qe1 dxe4 13.dxe4 Rad8 14.h3 Be6 15.Ng5 Bc8
16.Nc4 b5 17.Ne3 h6 18.Nf3 Nd4 19.Kh2 Be6 20.Nd2 Qa5 21.c3 Nc6 22.a4 Rd3
23.Nd5 bxa4 24.Rxa4 Qb5 25.c4 Qb7 26.Qe2 Rd4 27.Bxd4 Nxd4 28.Qd3 Rd8 29.Rfa1 Nc6
30.Nf1 Kf8 31.Nfe3 Rb8 32.Nxe7 Qxe7 33.Ra6 Nb4 34.Qd6 Nxa6 35.Qxe7+ Kxe7
36.Rxa6 Rxb3 37.Rxa7+ Nd7 38.Nd5+ Bxd5 39.exd5 Rb4 40.h4 Kd6 41.Bh3 Nb6 42.Rxf7 Rxc4
43.Rxg7 Kxd5 44.Rg6 Rb4 45.Rxh6 c4 46.Bg2+ e4 47.Rh5+ Kd4 48.Rh8 Kc3  1/2-1/2

[Event "45th Capablanca Mem Open"]
[Site "Havana CUB"]
[Date "2010.06.16"]
[Round "6"]
[White "Arribas Robaina,M"]
[Black "Miranda Llanes,Y"]
[Result "0-1"]
[WhiteElo "2326"]
[BlackElo "2170"]

1.Nf3 d5 2.g3 Nf6 3.Bg2 c6 4.d3 e6 5.O-O Bd6 6.c4 O-O 7.b3 b5 8.Nbd2 bxc4
9.bxc4 Nbd7 10.Bb2 Nc5 11.Qc2 Rb8 12.Rab1 Bb7 13.Rfc1 Ba8 14.Bxf6 Qxf6 15.d4 Nd7
16.c5 Bc7 17.Qa4 a5 18.e4 Qe7 19.Qc2 f6 20.Re1 Qf7 21.Bh3 Rbe8 22.Rb3 e5
23.Rbe3 Re7 24.R3e2 Nb8 25.Nh4 Bb7 26.Nf5 Ree8 27.Nd6 Bxd6 28.cxd6 Ba6 29.exd5 Qxd5
30.Re3 Qxd4 31.Ne4 f5 32.Rd1 Qc4 33.Qxc4+ Bxc4 34.Nc5 Bd5 35.d7 Rd8 36.Rxe5 Nxd7
37.Nxd7 Rxd7 38.Rxf5 Rb7 39.Rxf8+ Kxf8 40.Bg2 Bxg2 41.Kxg2 Ke7 42.Rd2 Rd7
43.Rc2 Kd6 44.Kf3 Re7 45.Rc4 Kd5 46.Ra4 c5 47.Rxa5 Kd4 48.Ra8 c4 49.a4 Kd3
50.Rd8+ Kc2 51.a5 Ra7 52.Rd5 c3 53.Ke3 Kc1 54.Rc5 c2 55.f4 Kb2 56.Rb5+ Kc3
57.Rc5+ Kb3 58.Rc8 Rxa5 59.Rb8+ Kc3 60.Rc8+ Kb2 61.Rb8+ Kc1 62.g4 Ra3+ 63.Ke4 Rh3
64.f5 Rxh2 65.Rd8 Rd2  0-1

[Event "4th Open"]
[Site "Varna BUL"]
[Date "2010.06.16"]
[Round "5"]
[White "Rzayev,B"]
[Black "Savenkov,K"]
[Result "1/2-1/2"]
[WhiteElo "2266"]
[BlackElo "1927"]

1.Nf3 d5 2.g3 c6 3.Bg2 Nf6 4.O-O Bf5 5.b3 e6 6.Bb2 Nbd7 7.d3 Be7 8.Nbd2 O-O
9.Re1 Qc7 10.e4 dxe4 11.dxe4 Bg4 12.e5 Nd5 13.a3 Rfd8 14.c4 N5b6 15.b4 a6
16.Qb3 c5 17.h3 Bh5 18.Rec1 Bg6 19.Nf1 Nb8 20.Ne3 Nc6 21.Bc3 a5 22.bxa5 Nxa5
23.Bxa5 Rxa5 24.Rd1 Raa8 25.Ra2 Be4 26.Nd2 Bxg2 27.Kxg2 Rab8 28.f4 Nc8 29.Qa4 b6
30.Nf3 Na7 31.Rad2 Rxd2+ 32.Rxd2 Nc6 33.g4 Qb7 34.Kf2 Ra8 35.Qd1 Rxa3 36.f5 h6
37.fxe6 fxe6 38.Qb1 Nd4 39.Nxd4 cxd4 40.Rxd4 Bc5 41.Rd8+ Kf7 42.Rd3 Rxd3
43.Qxd3 Qc6  1/2-1/2

[Event "45th Capablanca Mem Open"]
[Site "Havana CUB"]
[Date "2010.06.17"]
[Round "7"]
[White "Lemes Rosales,Lazaro"]
[Black "Alarcon Casellas,Rol"]
[Result "0-1"]
[WhiteElo "2214"]
[BlackElo "2410"]

1.Nf3 d5 2.g3 Nf6 3.Bg2 c6 4.O-O Bf5 5.d3 h6 6.Nbd2 e6 7.e3 Be7 8.Qe2 O-O
9.h3 Bh7 10.b3 a5 11.a4 Na6 12.Rd1 Nb4 13.Nf1 Re8 14.Bb2 Nd7 15.e4 Qc7 16.e5 Qb8
17.c3 Na6 18.d4 Nc7 19.c4 Na6 20.Ne3 Nb4 21.h4 f6 22.Bh3 Nf8 23.Bc3 fxe5
24.Nxe5 Bd6 25.Bxb4 axb4 26.f4 Re7 27.c5 Bxe5 28.fxe5 b6 29.Rac1 Nd7 30.cxb6 Qxb6
31.Kh2 c5 32.Nxd5 exd5 33.Bxd7 Rxd7 34.dxc5 Qe6 35.Rd4 Be4 36.Rxb4 Rf8 37.Rb6 Qxe5
38.Rf1 Rxf1 39.Qxf1 Rf7  0-1

[Event "4th Open"]
[Site "Varna BUL"]
[Date "2010.06.17"]
[Round "6"]
[White "Janev,T"]
[Black "Sadzikowski,D"]
[Result "0-1"]
[WhiteElo "2330"]
[BlackElo "2258"]

1.Nf3 d5 2.g3 Nf6 3.Bg2 e6 4.O-O Be7 5.c4 O-O 6.d3 c5 7.b3 Nc6 8.Bb2 d4 9.a3 a5
10.e4 dxe3 11.fxe3 Ng4 12.Qe2 Qb6 13.Nfd2 f5 14.Nc3 a4 15.Rab1 axb3 16.h3 Nge5
17.Nb5 Rd8 18.Bxe5 Nxe5 19.Rxb3 Bf6 20.Kh2 Nf7 21.Rfb1 Nd6 22.e4 Nxb5 23.cxb5 Qc7
24.b6 Qb8 25.Nc4 Be5 26.Qe3 f4 27.Qxc5 fxg3+ 28.Kh1 Bd4 29.Qg5 Bf6 30.Qg4 e5
31.Qxg3 Be6 32.Bf3 Bxc4 33.dxc4 Rd4 34.c5 Qc8 35.Rc3 Qc6 36.Rbc1 Rad8 37.Bg2 Rd2
38.Rf1 Kh8 39.Qf3 Kg8 40.Rf2 Rxf2 41.Qxf2 Rd1+ 42.Kh2 Bg5 43.Rf3 Bf4+ 44.Rxf4 exf4
45.e5 Qc8 46.c6 bxc6 47.Qxf4 Rb1 48.Qd4 Qb8 49.Bxc6 Qxb6 50.Bd5+ Kh8 51.e6 Rb5
52.e7 Rb2+ 53.Kg3 Re2  0-1

[Event "Open"]
[Site "Teplice CZE"]
[Date "2010.06.18"]
[Round "7"]
[White "Mojzis,Jar"]
[Black "Starek,Stanislav"]
[Result "1-0"]
[WhiteElo "2205"]
[BlackElo "1819"]

1.Nf3 d5 2.g3 c5 3.Bg2 Nc6 4.d4 Nf6 5.O-O Bf5 6.c4 e6 7.cxd5 Nxd5 8.Nc3 Nb6
9.e4 Bg4 10.d5 Nd4 11.Qd3 Bxf3 12.Bxf3 Qf6 13.Bg2 c4 14.Qd1 e5 15.Be3 Bc5
16.Na4 Nxa4 17.Bxd4 b5 18.Bxc5 Nxc5 19.b3 c3 20.Qc2 b4 21.a3 Qb6 22.Rfc1 bxa3
23.b4 Qxb4 24.Qxc3 Qxc3 25.Rxc3 Rc8 26.Raxa3 Ke7 27.Rxa7+ Kd6 28.Rxf7 Ra8
29.h4 Ra4 30.Rxg7 Nxe4 31.Rcc7 Rd8 32.Rxh7 Ra1+ 33.Kh2 Kxd5 34.Rc2 Kd4 35.Bxe4 Kxe4
36.Re2+ Kf5 37.Rh5+ Kg4 38.Rhxe5 Rad1 39.R2e4+  1-0

[Event "Open"]
[Site "Eforie Nord ROU"]
[Date "2010.06.19"]
[Round "2"]
[White "Barzanu,I"]
[Black "Gavrilov,Al1"]
[Result "0-1"]
[WhiteElo "2250"]
[BlackElo "2494"]

1.Nf3 d5 2.g3 Nf6 3.Bg2 Nbd7 4.d4 b5 5.Ne5 Bb7 6.Na3 c6 7.c3 e6 8.Nc2 c5
9.O-O a5 10.Bf4 Be7 11.a4 bxa4 12.Rxa4 O-O 13.dxc5 Nxc5 14.Ra2 Qb6 15.b4 axb4
16.Rxa8 Rxa8 17.cxb4 Nce4 18.Be3 Qc7 19.Nd3 e5 20.f3 Nc3 21.Qd2 d4 22.Bg5 Ra2
23.Ra1 Rxa1+ 24.Nxa1 Nfd5 25.Bxe7 Qxe7 26.Nc2 Ba6 27.Bf1 Bxd3 28.Qxd3 Nxb4
29.Nxb4 Qxb4 30.Qf5 Qc5 31.Kg2 Nd5 32.Qd7 Ne3+ 33.Kf2 g6 34.h4 Nd1+ 35.Ke1 Ne3
36.Kf2 Nf5 37.Kg2 h5 38.Kh2 d3 39.Kg2 dxe2  0-1

[Event "45th Capablanca Mem Open"]
[Site "Havana CUB"]
[Date "2010.06.19"]
[Round "9"]
[White "Alvarez Pedraza,A"]
[Black "Perez Garcia,Rodn"]
[Result "1/2-1/2"]
[WhiteElo "2500"]
[BlackElo "2424"]

1.Nf3 d5 2.g3 Nf6 3.Bg2 c6 4.O-O Bf5 5.b3 e6 6.Bb2 Nbd7 7.d3 h6 8.c4 Bd6
9.Nbd2 Qe7 10.Qc2 Ba3 11.Rad1  1/2-1/2

[Event "XXVIII Balaton GM2"]
[Site "Heviz HUN"]
[Date "2010.06.19"]
[Round "1"]
[White "Nadig,K"]
[Black "Czebe,A"]
[Result "1/2-1/2"]
[WhiteElo "2236"]
[BlackElo "2480"]

1.Nf3 d5 2.g3 g6 3.Bg2 Bg7 4.O-O e5 5.d3 Ne7 6.c4 dxc4 7.dxc4 Qxd1 8.Rxd1 Nbc6
9.Nc3 Bf5 10.Be3 O-O 11.Nd5 Nxd5 12.cxd5 Nb8 13.Rac1 c6 14.Nd2 cxd5 15.Bxd5 Nc6
16.Bxc6 bxc6 17.Rxc6 a5 18.Nc4 a4 19.Nb6 Ra6 20.Bc5 Re8 21.Rcd6 h5 22.Rd8 Rxd8
23.Rxd8+ Kh7 24.Ra8 Rxa8 25.Nxa8 Be6 26.Nb6 Bxa2 27.Nxa4 Bb3 28.Nc3 f5 29.e4 Kg8
30.f3 Kf7 31.Kf2 Ke6 32.Nb1 Bh6 33.Be3 Bf8 34.Bb6 Kd7 35.Nd2 Bc2 36.Ke2 Bb4
37.Nc4 Ke6 38.Bc7 fxe4 39.fxe4 Bxe4 40.Nxe5 Bc5 41.Nd3 Bd4 42.Bf4 Kf5 43.h4 Bc6
44.Be3 Bg7 45.Bf4 Bd4 46.Be3 Bf6 47.Bf4 Ke4 48.Nf2+ Kd5 49.Nd3 Bb5 50.Kd2 Ke4
51.Nc5+ Kf3 52.Bd6 Bxb2 53.Ne6 Bc4 54.Nf4 Bf7 55.Nd3 Bg7 56.Ne5+  1/2-1/2

[Event "Sveins Minneturnering"]
[Site "Oslo NOR"]
[Date "2010.06.19"]
[Round "3"]
[White "Haubro,S"]
[Black "Skovgaard,T"]
[Result "1/2-1/2"]
[WhiteElo "2167"]
[BlackElo "2005"]

1.Nf3 d5 2.g3 Bg4 3.Bg2 Nf6 4.d4 Bxf3 5.exf3 g6 6.Be3 Bg7 7.Qd2 c6 8.Nc3 Nbd7
9.O-O O-O 10.f4 e6 11.Bf3 b5 12.a3 Qe7 13.Kg2 a5 14.Rh1 Nb6 15.b3 a4 16.b4 Nc4
17.Qd3 Nd7 18.h4 Nxe3+ 19.fxe3 h5 20.e4  1/2-1/2

[Event "14th FIDE Open"]
[Site "Voronezh RUS"]
[Date "2010.06.19"]
[Round "7"]
[White "Kornilov,P"]
[Black "Makarkin,Z"]
[Result "1/2-1/2"]
[WhiteElo "2036"]
[BlackElo "2159"]

1.Nf3 d5 2.g3 c6 3.Bg2 g6 4.c4 Bg7 5.cxd5 cxd5 6.Qb3 Nc6 7.O-O Nf6 8.d4 O-O
9.Nc3 Ne4 10.e3 Nxc3 11.bxc3 Na5 12.Qb5 Nc4 13.Nd2 Nb6 14.Ba3 Re8 15.Bc5 Bd7
16.Bxb6 axb6 17.Qb4 b5 18.Rfb1 e6 19.Bf1 Ra5 20.Qb2 Bf8 21.Nb3 Ra4 22.Qc2 Qb6
23.Nc1 Rea8 24.Nd3 Qa7 25.Rb2 Qa5 26.Ne5 Bc6  1/2-1/2

[Event "14th FIDE Open"]
[Site "Voronezh RUS"]
[Date "2010.06.19"]
[Round "7"]
[White "Terentiev,D"]
[Black "Andreeva,Y"]
[Result "1-0"]
[WhiteElo "2095"]
[BlackElo "1846"]

1.Nf3 d5 2.g3 c6 3.Bg2 e6 4.O-O Nf6 5.d3 Be7 6.c4 O-O 7.b3 d4 8.Bb2 c5 9.Nbd2 Nc6
10.a3 e5 11.Qc2 Be6 12.Rad1 Qd7 13.Rfe1 Bh3 14.e3 Bxg2 15.Kxg2 dxe3 16.fxe3 Rad8
17.Nf1 Qc7 18.Qc3 Bd6 19.e4 Nd4 20.Nxd4 exd4 21.Qc2 Ng4 22.Qe2 Ne5 23.Bc1 Ng6
24.Nd2 Rde8 25.Qf2 Ne5 26.Nf3 Ng4 27.Qc2 Nxh2 28.Nxh2 Bxg3 29.Rh1 Re6 30.Nf3 Rg6
31.Kf1 f5 32.e5 Bxe5 33.Nxe5 Qxe5 34.Qh2 Qxh2 35.Rxh2 Rb6 36.b4 cxb4 37.axb4 f4
38.b5 a6 39.Ba3 Rc8 40.bxa6 Rxa6 41.Bc1 Rf6 42.Re1 g5 43.Re4 b5 44.Rxd4 bxc4
45.dxc4 h6 46.Rhd2 Kf7 47.Ba3 Ra8 48.Bd6 Ra1+ 49.Rd1 Ra2 50.R4d2 Ra6 51.c5 Ke6
52.Rc1 Rc6 53.Bb8 Kf5 54.Rd6 Rfxd6 55.Bxd6 h5 56.Kf2 h4 57.Rc4 h3 58.Kg1 Kg4
59.Kh2 Ra6 60.Rc2 Rc6 61.Ra2 Rc8 62.Rb2 f3 63.Rb4+ Kh5 64.Kxh3 Ra8 65.Kg3 Ra3
66.c6 Rc3 67.c7  1-0

[Event "24th Open"]
[Site "Pula CRO"]
[Date "2010.06.20"]
[Round "2"]
[White "Fodor,T jr"]
[Black "Franciskovic,V"]
[Result "1-0"]
[WhiteElo "2420"]
[BlackElo "2136"]

1.Nf3 d5 2.g3 Nc6 3.d4 Bg4 4.Nbd2 e6 5.Bg2 Bd6 6.O-O Nge7 7.c4 dxc4 8.Nxc4 O-O
9.b3 a5 10.Bb2 b5 11.Ne3 Bxf3 12.Bxf3 Rb8 13.a3 e5 14.d5 Na7 15.Qd2 Nac8
16.Qxa5 c5 17.Qd2 f5 18.Bg2 f4 19.Nd1 Nf5 20.e3 b4 21.a4 Qg5 22.Qe2 Qh6 23.Rc1 Nce7
24.Rc4 Ng6 25.Bc1 Rbe8 26.Qg4 Rf6 27.Re4 Ref8 28.Nb2 Nfe7 29.exf4 exf4 30.Nc4 Bb8
31.Re6 Rf5 32.d6 Nd5 33.Bxd5 Rxd5 34.Bxf4 Rxf4 35.gxf4 Rd4 36.Re8+ Nf8 37.Rxf8+ Kxf8
38.Qc8+ Kf7 39.Ne5+  1-0

[Event "Sveins Minneturnering"]
[Site "Oslo NOR"]
[Date "2010.06.21"]
[Round "7"]
[White "Danielsen,Hen"]
[Black "Hillarp Persson,T"]
[Result "1/2-1/2"]
[WhiteElo "2514"]
[BlackElo "2542"]

1.g3 d5 2.Nf3 Nf6 3.Bg2 c6 4.O-O Bg4 5.d3 Nbd7 6.c4 dxc4 7.dxc4 e5 8.Nc3 Bc5
9.Qc2 O-O 10.h3 Bh5 11.Nh4 a5 12.b3  1/2-1/2

[Event "24th Open"]
[Site "Pula CRO"]
[Date "2010.06.21"]
[Round "3"]
[White "Stocko,J"]
[Black "Bukal,V jr"]
[Result "1/2-1/2"]
[WhiteElo "2199"]
[BlackElo "2388"]

1.Nf3 d5 2.g3 Nf6 3.Bg2 e6 4.O-O b6 5.d3 Bb7 6.Nbd2 Nbd7 7.e4 dxe4 8.Ng5 Qc8
9.Ngxe4 Be7 10.Nxf6+ Nxf6 11.Ne4 Nxe4 12.Bxe4 Bxe4 13.dxe4 Qb7 14.Qe2 O-O
15.Rd1 Rfd8 16.Bf4 Qc6 17.f3 h5 18.Kg2 a5 19.Rxd8+ Rxd8 20.Rd1 Rxd1 21.Qxd1 g5
22.Be5 f6 23.Bc3 Qc4 24.Qd3 Qc6 25.h3 Kf7  1/2-1/2

[Event "14th Master Open"]
[Site "Voronezh RUS"]
[Date "2010.06.21"]
[Round "9"]
[White "Kokarev,Dm"]
[Black "Yevseev,D"]
[Result "1/2-1/2"]
[WhiteElo "2612"]
[BlackElo "2520"]

1.Nf3 d5 2.g3 Nf6 3.Bg2 c6 4.O-O Bf5 5.d3 e6 6.c4 Bc5 7.Nc3 O-O 8.Na4 Be7
9.Qb3 Qc8 10.cxd5 exd5 11.Be3 Na6 12.Rac1 Re8 13.a3 Nc7 14.Rfe1 Nb5 15.Nd4 Nxd4
16.Bxd4 Qd7 17.Nc5 Bxc5 18.Rxc5 Re6 19.e4 dxe4 20.Rxf5 Qxd4 21.Qxb7 Rf8 22.dxe4 g6
23.Rf4 Nd5 24.Rh4 Nb6 25.Qxa7 Qxb2 26.e5 Nd5 27.Bxd5 cxd5 28.Qe3 Qb7 29.Rb4 Qc7
30.Rd4 Rd8 31.a4 Rc6 32.Red1 Rc3 33.Qg5 Rc5 34.h4 Re8 35.Rxd5 Rxd5 36.Rxd5 Qc4
37.Rd8 Qxa4 38.Rxe8+ Qxe8 39.h5 h6 40.Qf6 gxh5 41.Kh2 Qb5 42.Qf5 Qe2 43.Qf4 Kg7
44.Kg2 Qg4 45.Qf6+ Kg8 46.Qd8+ Kg7 47.f3 Qc4 48.Qd2 Kg6 49.Qe3 Qc2+ 50.Kf1 Qb1+
51.Kg2 Qc2+ 52.Kf1 Qb1+  1/2-1/2

[Event "24th Open"]
[Site "Pula CRO"]
[Date "2010.06.23"]
[Round "6"]
[White "Wiedner,R"]
[Black "Balazs,G2"]
[Result "1/2-1/2"]
[WhiteElo "2197"]
[BlackElo "2352"]

1.Nf3 d5 2.g3 c6 3.Bg2 Bg4 4.Ne5 Bh5 5.d4 Nf6 6.c4 e6 7.Nc3 Nbd7 8.Nxd7 Qxd7
9.cxd5 exd5 10.O-O Be7 11.f3 O-O 12.Be3 Rfe8 13.Bf2 Rad8 14.Qa4 a6 15.Qb3 Bd6
16.Rfe1 Bb8 17.Na4 Ba7 18.Rac1 Re7 19.Nc5 Bxc5 20.Rxc5 Bg6 21.Rc3 Ne8 22.Re3 Nd6
23.Rxe7 Qxe7 24.Qb4 Re8 25.b3 Nb5 26.Qd2 Nd6 27.Kf1 h6 28.Rc1 a5 29.Rc3 Qc7
30.Re3 Rxe3 31.Bxe3 Qb6 32.Bh3 a4 33.Qc3 Bf5 34.Bxf5 Nxf5 35.Bf2 Nd6 36.Qc5 Qxc5
37.dxc5 Ne8 38.bxa4 f5 39.Ke1 Kf7 40.Kd2 Nf6 41.Kc3 Nd7 42.Bd4 g6 43.Kb4 Ke6
44.Be3 g5 45.h3 Nb8 46.Bd4 h5 47.g4 hxg4 48.hxg4 fxg4 49.fxg4 Nd7 50.Ka5 Ke7
51.Kb4 Ke6 52.a5 Nb8 53.a6 Nxa6+ 54.Ka5 Kd7 55.a3 Nc7 56.Be5 Nb5 57.Bb2 Nc7
58.Kb6 Ne6 59.e3 Kc8 60.Bf6 Nf8 61.Bxg5 Nd7+ 62.Ka5 Ne5 63.Kb6 Nxg4 64.Bf4 Nf6
65.Bd6 Ne4 66.a4 Nd2 67.Bf4 Nc4+ 68.Ka7 Na5 69.Kb6  1/2-1/2

[Event "XXVIII Balaton GM2"]
[Site "Heviz HUN"]
[Date "2010.06.24"]
[Round "6"]
[White "Nadig,K"]
[Black "Bokros,A"]
[Result "0-1"]
[WhiteElo "2236"]
[BlackElo "2486"]

1.Nf3 d5 2.g3 c6 3.Bg2 Nf6 4.O-O Bf5 5.d4 h6 6.c4 e6 7.Qb3 Qb6 8.c5 Qa6 9.Nc3 b6
10.cxb6 axb6 11.Ne5 Be7 12.h3 O-O 13.g4 Bh7 14.f4 Nfd7 15.Nxd7 Nxd7 16.e4 c5
17.Be3 cxd4 18.Bxd4 Bc5 19.Bxc5 Nxc5 20.Qb4 Bxe4 21.Nxe4 dxe4 22.Bxe4 Rad8
23.a3 h5 24.Rae1 hxg4 25.hxg4 Rd6 26.Bf3 Rfd8 27.Rd1 Rxd1 28.Rxd1 Rxd1+ 29.Bxd1 Qd3
30.Qe1 Qd4+ 31.Kh1 Nd3  0-1

[Event "70th ch-ITA S/F"]
[Site "Torino ITA"]
[Date "2010.06.24"]
[Round "5"]
[White "Bianco,V"]
[Black "Saccona,S"]
[Result "1/2-1/2"]
[WhiteElo "2210"]
[BlackElo "2230"]

1.Nf3 d5 2.g3 c6 3.Bg2 Bf5 4.b3 e6 5.Bb2 Nf6 6.O-O Nbd7 7.d3 Bc5 8.Nbd2 O-O
9.Nh4 Bg4 10.h3 Bh5 11.g4 Bg6 12.e4 Ne8 13.Nxg6 fxg6 14.Qe2 Nc7 15.c4 Rf7
16.d4 Bb4 17.Rac1 Nf6 18.cxd5 cxd5 19.e5 Nd7 20.Nb1 g5 21.Qe3 Be7  1/2-1/2

[Event "70th ch-ITA S/F"]
[Site "Torino ITA"]
[Date "2010.06.24"]
[Round "5"]
[White "Molina,Fa"]
[Black "Ferro,Ma"]
[Result "1/2-1/2"]
[WhiteElo "2211"]
[BlackElo "2259"]

1.Nf3 d5 2.g3 g6 3.Bg2 Bg7 4.c4 c6 5.cxd5 Qxd5 6.Nc3 Qa5 7.d4 Nf6 8.O-O O-O
9.e4 Rd8 10.Qb3 Qb6 11.Qc2 h6 12.Re1 Na6 13.a3 Qa5 14.e5 Bf5 15.Qb3 Nd5 16.Nxd5 cxd5
17.Qxb7 Rab8 18.Qxe7 g5 19.e6 Bxe6 20.Rxe6 fxe6 21.Qxe6+ Kh8 22.Ne5 Re8 23.Nf7+ Kh7
24.Qf5+ Kg8 25.Bxd5 Nc7 26.Nxh6+ Kh8 27.Nf7+ Kg8 28.Nh6+ Kh8 29.Nf7+ Kg8
30.Nh6+  1/2-1/2

[Event "24th Open"]
[Site "Pula CRO"]
[Date "2010.06.25"]
[Round "8"]
[White "Fodor,T jr"]
[Black "Gerola,F"]
[Result "1-0"]
[WhiteElo "2420"]
[BlackElo "2189"]

1.Nf3 d5 2.g3 Nf6 3.Bg2 g6 4.c4 c6 5.b3 Bg7 6.Bb2 dxc4 7.bxc4 O-O 8.O-O Bg4
9.d3 Qc8 10.Re1 Na6 11.Nbd2 Rd8 12.Rb1 Nc7 13.Qb3 Rb8 14.Qa3 Re8 15.Bxf6 Bxf6
16.Qxa7 b5 17.cxb5 Nxb5 18.Qc5 Ra8 19.Nc4 Rxa2 20.Nce5 Be6 21.Nxc6 Nd6 22.Nfd4 Bd7
23.Qd5 Bxc6 24.Nxc6 Rc2 25.d4 Qc7 26.e3 e6 27.Qf3 Bg7 28.Red1 Rc8 29.Nb4 Rc4
30.Bf1 Rc3 31.Bh3 Re8 32.Nd3 Rb8 33.Rbc1 Rxc1 34.Rxc1 Qe7 35.Qe2 h5 36.Qa2 Kh7
37.Qa6 Ne4 38.Bg2 Nd6 39.h3 Nf5 40.Qa5 Qd6 41.Qa7 Nxg3 42.Nf4 g5 43.fxg3 gxf4
44.Qxf7 fxg3 45.Be4+ Kh8 46.Qxh5+ Kg8 47.Rf1  1-0